|
|
|
|
| LEADER |
00784cam a2200193 7i4500 |
| 001 |
0000055204 |
| 005 |
20201020090000.0 |
| 090 |
0 |
0 |
|a Z471
|b B45 2019
|
| 100 |
1 |
|
|a Belcher, Wendy Laura
|
| 245 |
0 |
0 |
|a Writing your journal article in twelve weeks :
|b a guide to academic publishing success
|c Wendy Laura Belcher.
|
| 264 |
|
1 |
|a Chicago:
|b The University of Chicago Press,
|c 2019.
|
| 300 |
|
|
|a 1 online resource (xi9, 430 pages):
|b illustrations, text file, PDF.
|
| 336 |
|
|
|a text
|2 rdacontent
|
| 337 |
|
|
|a computer
|2 rdamedia
|
| 338 |
|
|
|a online resource
|2 rdacarrier
|
| 650 |
0 |
0 |
|a Scholarly publishing --
|z United States
|
| 655 |
0 |
0 |
|a Electronic books
|
| 997 |
|
|
|a Communication, Visual Art & Computing, Faculty
|b Communication, Department
|
| 999 |
|
|
|a EBO0001525
|b EBOOK
|c EBOOK
|e Electronic resources
|